Statistiques concernant Princesses Disney par Emojis

Cliquez ici pour prendre le quiz!

Statistiques générales

  • Ce quiz a été pris 21 018 fois
    (14 271 depuis la dernière actualisation)
  • Le résultat moyen est 9 sur 10

Statistiques - réponses

EmojisJeux% Correct
Cendrillon
99%
Ariel
95%
Mulan
94%
Anna
91%
Elsa
91%
Aurore
90%
Belle
85%
Tiana
84%
Jasmine
79%
Pocahontas
60%

Distribution des résultats

Percentile par nombre de réponses

% des personnes avec chaque résultat

Votre développement - résultats

Vous n’avez pas pris ce quiz depuis la dernière actualisation